| 000 | 00415nam a2200169Ia 4500 | ||
|---|---|---|---|
| 008 | 230711s9999||||xx |||||||||||||| ||und|| | ||
| 020 | _a978-81-272-4864-2 | ||
| 041 | _aENG | ||
| 082 |
_a658 _bCH-M |
||
| 100 | _aChopra,P.N | ||
| 245 | 0 | _aManagerial economics | |
| 250 | _a5th . Ed. | ||
| 260 |
_c2011 _aNew Delhi _bKalyani Publishers House |
||
| 300 | _a835 | ||
| 650 | _aUNIVESITY BUSNIESS SCHOOL | ||
| 942 | _cBK | ||
| 999 |
_c5547 _d5547 |
||